Így látom őket

Elmentve itt :
Bibliográfiai részletek
Szerzők: Újszászi Ilona
Somogyi Károlyné
Dokumentumtípus: Cikk
Megjelent: 2009-12-15
Sorozat:Délmagyarország 99 No. 293
Kulcsszavak:Somogyi Károlyné 1926-2011, Szeged, Fotóriporter Szeged, Somogyi-könyvtár (Szeged), Fotókiállítás, Könyvbemutató, Eseménynaptár Szeged 2009. 12.
Online Access:http://dmarchiv.bibl.u-szeged.hu/142024
LEADER 00625nab a2200169 i 4500
001 delm142024
005 20200130125918.0
008 200130s2009 hu o 0|| hun d
040 |a SZTE Délmagyarország Archívum  |b hun 
041 |a hun 
100 1 |a Újszászi Ilona 
245 1 0 |a Így látom őket  |h [elektronikus dokumentum] /  |c  Újszászi Ilona 
260 |c 2009-12-15 
300 |a 6 
490 0 |a Délmagyarország  |v 99 No. 293 
695 |a Somogyi Károlyné 1926-2011, Szeged, Fotóriporter Szeged, Somogyi-könyvtár (Szeged), Fotókiállítás, Könyvbemutató, Eseménynaptár Szeged 2009. 12. 
700 0 1 |a Somogyi Károlyné  |e aut